| 000 | 01361cad a2200277 4500 | ||
|---|---|---|---|
| 001 | L158865 | ||
| 008 | 100215n2013 000 0 eng u | ||
| 020 | _a9781783210305 | ||
| 035 | _a(Sirsi) u158865 | ||
| 041 | _aeng | ||
| 100 | 1 | _aMeijer, Frits | |
| 111 | 2 |
_aConstruction and Building Research Conference _cIIT Delhi, New Delhi _d10-12 September 2013 |
|
| 245 | 0 | 0 |
_aJob creation through energy renovation of the housing stock _h[electronic resource] |
| 260 |
_aLondon _bRICS _c2013 |
||
| 490 | 0 |
_aCOBRA _v2013 |
|
| 520 | _aA paper presented at the COBRA Conference in New Delhi on 10-12 September 2013. Looks at job creation in relation to energy renovation work of the housing stock. The shift from new-build to renovation will have considerable effects on employment in the construction industry and the qualifications that are required by the workforce. A new investment programme in the housing sector could not only improve the energy performance of the sector but create 100.000?s of valuable jobs at a time when these are sorely needed. | ||
| 650 | 2 | 4 | _aCONSTRUCTION AND BUILDING RESEARCH CONFERENCE (COBRA) |
| 650 | 2 | 4 | _aENERGY EFFICIENCY IN BUILDINGS |
| 650 | 2 | 4 | _aHOUSING |
| 650 | 2 | 4 | _aEMPLOYMENT CREATION |
| 650 | 2 | 4 | _aRENOVATION |
| 651 | 4 | _aEUROPEAN UNION | |
| 690 |
_aEnergy _96237 |
||
| 700 | 1 | _aVisscher, Henk | |
| 942 | _n0 | ||
| 999 |
_c115554 _d115554 |
||